000 00350 a2200169 4500
001 186680
020 _a85-16-01621-8
040 _cMagnum
100 _aPorto, Cristina
240 1 0 _aMacaco malaquias
_lpor
245 1 0 _aMacaco malaquias
300 _a32
362 0 _a1997
440 1 _aModerna
697 _aLITERATURA INFANTO
942 _cBK
999 _c186680
_d186680